| 000 | 00919cam a2200253 a 4500 | ||
|---|---|---|---|
| 008 | |||
| 020 | _a0435080792 (pbk.) | ||
| 049 | _aMAIN | ||
| 090 |
_aPL8010 _bNGU |
||
| 100 | 0 | _aNgugi, wa Thiong'o. | |
| 245 | 1 | 0 |
_aMoving the centre : _bthe struggle for cultural freedoms / _cNgugi wa Thiongo. |
| 260 |
_aLondon : _bJ. Currey ; _aPortsmouth, N.H. : _bHeinemann, _c1993. |
||
| 300 |
_axviii, 184 p. ; _c22 cm. |
||
| 440 | 0 | _aStudies in African literature. | |
| 500 | _aA collection of talks and essays, created between 1980 and 1992, and translated from Kikuyu by the author. | ||
| 500 | _aIncludes index. | ||
| 650 | 0 |
_aAfrican literature _y20th century _xHistory and criticism. |
|
| 650 | 0 |
_aAfrican literature _xEuropean influences. |
|
| 907 |
_a.b10376227 _b18-10-16 _c17-10-16 |
||
| 003 | |||
| 005 | 20230123122232.0 | ||
| 040 | _cNUST | ||
| 942 |
_cBOOKS _kPL8010 _mNGU |
||
| 999 |
_c130151 _d130151 |
||